[Event "Washington Open Championship"]
[Site "Seattle, WA"]
[Date "2014.05.24"]
[Round "1"]
[White "Truluck Maxwell  (WA)"]
[Black "Varner Murlin  (WA)"]
[Result "1/2-1/2"]
[WhiteElo "1393"]
[BlackElo "1630"]
[Annotator ""]
[Source ""]
[Remark "Reserve"]

1.e4 e6 2.d4 d5 3.exd5 exd5 4.Bd3 Nf6 5.h3 Be7 6.Bf4 O-O 7.Ne2
Nc6 ( 7...b6 8.Nd2 c5 9.c3 Nc6 10.Nf3 Bb7 11.Ng3 cxd4 12.Nxd4
Nxd4 13.cxd4 Bb4+ 14.Bd2 Re8+ 15.Ne2 Bxd2+ 16.Qxd2 Ne4 17.Bxe4
Rxe4 18.O-O Ba6 19.Rfe1 Qf6 20.Rad1 Bxe2 21.Rxe2 Rae8 22.Rxe4
{1/2-1/2, Boeckler Michael 1781 - Wuest Michael (GER) 2128, Germany 2003.02.19}
) 8.c3 Re8 9.O-O Bd6 10.Bxd6 Qxd6 11.Nd2 Bd7 12.a3 Ne4 13.c4
Nxd2 14.Qxd2 dxc4 15.Bxc4 Ne5 16.Bb3 Ng6 ( 16...Bb5 ) 17.Nc3
Nh4 18.Qg5 Nf5 19.d5 Nd4 20.Bd1 h6 21.Qd2 Qf6 22.Ne2 Nf5 23.Ng3
Nh4 ( 23...Bb5 24.Re1 ( 24.Nxf5 Bxf1 25.Nxh6+ Qxh6 26.Qxh6 gxh6
27.Kxf1 ) Rxe1+ 25.Qxe1 Nxg3 26.fxg3 Qxb2 ) 24.Qc3 Qxc3 25.bxc3
Bb5 26.Bg4 Bxf1 27.Rxf1 Ng6 28.Rb1 b6 29.Bd7 Re5 30.Bc6 Rd8 31.c4
Ne7 32.Bb7 Nf5 {?} ( 32...c6 33.dxc6 Rc5 ) 33.f4 Rexd5 34.Bxd5
Nxg3 35.Kf2 Nh5 36.Rd1 Rd6 37.Ke3 Nf6 38.Bf3 Re6+ 39.Kf2 Kf8
40.Re1 Ke7 41.Rxe6+ Kxe6 42.Ke3 c5 43.a4 Kd6 44.g4 Nd7 45.g5
hxg5 46.fxg5 Ne5 ( 46...Ke5 ) 47.Bd5 f6 ( 47...Ke7 ) 48.gxf6
gxf6 49.h4 Ke7 50.Ke4 Kf8 51.Kf5 Kg7 52.h5 Nd3 53.Bc6 Nb4 54.Bd5
Nc2 55.h6+ Kxh6 56.Kxf6 Nb4 57.Ke6 Kg5 58.Kd6 Nxd5 59.Kxd5 Kf4
60.Kc6 Ke4 61.Kb7 Kd4 62.Kxa7 Kxc4 63.Kxb6 Kb4 64.a5 c4 65.a6
c3 66.a7 c2 67.a8Q c1Q 68.Qa5+ Kb3 69.Qb5+ Kc2 70.Qe2+ Kb1 1/2-1/2

[Event "Washington Open Championship"]
[Site "Seattle, WA"]
[Date "2014.05.24"]
[Round "1"]
[White "Abdul-Mujeeb Numan  (WA)"]
[Black "Anthony Ralph  (WA)"]
[Result "1-0"]
[WhiteElo "1724"]
[BlackElo "1671"]
[Annotator ""]
[Source ""]
[Remark "Premier"]

1.d4 Nf6 2.c4 g6 3.Nf3 Bg7 4.Nc3 d6 5.h3 O-O 6.e4 c5 7.d5 e5
8.Bd3 Nh5 9.Bg5 f6 10.Be3 a6 11.Qd2 f5 12.Bg5 Qe8 13.O-O-O Bd7
14.exf5 gxf5 15.Nh4 e4 16.Rde1 b5 17.g4 bxc4 18.Bc2 fxg4 19.Rxe4
Qf7 20.hxg4 Nf6 21.Rf4 Bxg4 22.Bxf6 Bh6 23.Rxg4+ 1-0

[Event "Washington Open Championship"]
[Site "Seattle, WA"]
[Date "2014.05.24"]
[Round "1"]
[White "Thakur Asher  (WA)"]
[Black "Puri Raghav  (WA)"]
[Result "1-0"]
[WhiteElo "1214"]
[BlackElo "500"]
[Annotator ""]
[Source ""]
[Remark "Booster"]

1.e4 d5 2.exd5 Nf6 3.Nf3 Nxd5 4.d4 Nc6 5.Bb5 Bd7 6.c4 Nf6 7.Nc3
a6 8.Ba4 e6 9.O-O Bb4 10.Qb3 Qe7 11.Bg5 Bxc3 12.bxc3 Na5 13.Bxd7+
Qxd7 14.Qb4 Nc6 15.Qxb7 Rb8 16.Qxa6 Ne4 17.Rab1 Nxc3 18.Qxc6
Nxb1 19.Qe4 f5 20.Rxb1 Rxb1+ 21.Qxb1 Kf7 22.Ne5+ Ke8 23.Qb8+ 1-0

[Event "Washington Open Championship"]
[Site "Seattle, WA"]
[Date "2014.05.24"]
[Round "1"]
[White "Sinanan Joshua  (WA)"]
[Black "He Anthony  (WA)"]
[Result "1-0"]
[WhiteElo "2268"]
[BlackElo "1888"]
[Annotator ""]
[Source ""]
[Remark "Open"]

1.d4 d5 2.c4 e6 3.Nf3 Nf6 4.g3 Be7 5.Bg2 O-O 6.O-O Nbd7 7.Nbd2
b6 8.Rb1 c5 9.a3 Bb7 10.b4 Qc7 11.bxc5 bxc5 12.Qc2 Rfc8 13.cxd5
exd5 14.dxc5 Bxc5 15.e3 Ba6 16.Re1 Bb6 17.Qf5 Qc2 18.Qxc2 Rxc2
19.Nb3 Rac8 20.Nfd4 R2c7 21.Bd2 Ne5 22.Ba5 Nc4 23.Bxb6 axb6 24.a4
Na3 25.Ra1 Nc4 26.Reb1 g6 27.h3 Rd7 28.Nb5 Bxb5 29.axb5 Ne8 30.Rd1
Nf6 31.g4 h6 32.Rd4 Nd6 33.Bf1 Nde4 34.f3 Ng5 35.Rf4 Kg7 36.Nd4
Ne6 37.Nxe6+ fxe6 38.Ra6 Rd6 39.Ra7+ Rd7 40.Ra6 Rd6 41.Rfa4 e5
42.Ra7+ Rd7 43.Rxd7+ Nxd7 44.Ra7 Rd8 45.Rc7 d4 46.Kf2 dxe3+ 47.Kxe3
Kf6 48.Rc6+ Kg7 49.Rd6 h5 50.g5 Kf7 51.Bc4+ Ke7 52.Re6+ Kf8 53.Rxg6
Ke7 54.Re6+ Kf8 55.Rh6 Kg7 56.Rd6 Kf8 57.Be6 Ke7 58.Rxd7+ Rxd7
59.Bxd7 Kxd7 60.Ke4 Ke6 61.h4 Kd6 62.Kf5 Kc5 63.g6 Kxb5 64.g7
e4 65.Kxe4 Kc4 66.g8Q+ Kc3 67.Ke3 b5 68.Qc8+ Kb4 69.Kd4 Ka3 70.Qc3+
Ka2 71.Qb4 Ka1 72.Kc3 Ka2 73.Qb2# 1-0

[Event "Washington Open Championship"]
[Site "Seattle, WA"]
[Date "2014.05.24"]
[Round "1"]
[White "Allen Robert  (WA)"]
[Black "Mathews Dan  (WA)"]
[Result "0-1"]
[WhiteElo "1702"]
[BlackElo "1805"]
[Annotator ""]
[Source ""]
[Remark "Premier"]

1.d4 d5 2.c4 Nf6 3.Nc3 g6 4.Nf3 Bg7 5.cxd5 Nxd5 6.e4 Nxc3 7.bxc3
O-O 8.Be3 c5 9.Rb1 Qa5 10.Qd2 cxd4 11.cxd4 Qxd2+ 12.Nxd2 b6 13.Bb5
Bd7 14.Bc4 Nc6 15.d5 Ne5 16.Be2 Rac8 17.O-O Rc2 18.Rfc1 Rfc8
19.Rxc2 Rxc2 20.a3 Ng4 21.Bf4 e5 22.Bxg4 Bxg4 23.Be3 Bd7 24.f3
Bf8 25.Rb3 f5 26.g3 Ba4 27.Rd3 Bb5 28.Rb3 Bd7 29.f4 Ba4 30.Rd3
Bb5 31.Rb3 Ba4 32.Rd3 exf4 33.Bxf4 Bc5+ 34.Kh1 Rc1+ 35.Kg2 Bb5
36.Rb3 Ba4 37.Rf3 Rg1+ 38.Kh3 Bd1 39.Rc3 Bg4+ 40.Kh4 Rh1 41.exf5
Be7+ 42.Bg5 gxf5 43.Bxe7 Rxh2+ 44.Kg5 Rxd2 45.d6 Kf7 46.Rc7 Ke6
47.Rxa7 Rd3 48.Kh4 h6 49.Bf8 Rd2 50.Re7+ {??} ( 50.Bxh6 Rh2+
51.Kg5 Rh5+ 52.Kg6 {=} ) Kf6 51.Bg7+ Kg6 0-1

[Event "Washington Open Championship"]
[Site "Seattle, WA"]
[Date "2014.05.24"]
[Round "1"]
[White "Soetedjo James  (WA)"]
[Black "Kenney Jason  (CAN)"]
[Result "0-1"]
[WhiteElo "1811"]
[BlackElo "2060"]
[Annotator ""]
[Source ""]
[Remark "Open"]

1.d4 Nf6 2.Nf3 g6 3.c4 Bg7 4.Nc3 O-O 5.e3 d6 6.Bd3 Nbd7 7.O-O
e5 8.Qc2 Re8 9.Bd2 c6 10.Rfe1 Qe7 11.dxe5 dxe5 12.e4 Nc5 13.Bg5
Ne6 14.Bxf6 Qxf6 15.Ne2 Bf8 16.a3 a5 17.Ng3 h5 18.Bf1 h4 19.Ne2
Bc5 20.Nc3 h3 21.Na4 hxg2 22.Bxg2 Nf4 23.Qb3 Bh3 24.Nxc5 Bxg2
25.Nd7 Qh8 26.Ndxe5 Rxe5 27.Nxe5 Qxe5 28.Qg3 Rd8 29.Qc3 Qh5 30.Qf6
Qg4 31.Qxd8+ Kg7 32.Re3 Ne2+ 0-1

[Event "Washington Open Championship"]
[Site "Seattle, WA"]
[Date "2014.05.24"]
[Round "2"]
[White "Sang Tian  (WA)"]
[Black "Lampman Becca  (WA)"]
[Result "1-0"]
[WhiteElo "2317"]
[BlackElo "2091"]
[Annotator ""]
[Source ""]
[Remark "Open"]

1.e4 c5 2.Nf3 e6 3.c3 d5 4.e5 d4 5.Bd3 Nc6 6.O-O Nge7 7.Na3 Ng6
8.Re1 Be7 9.Nc2 dxc3 10.dxc3 Qc7 11.Qe2 O-O 12.h4 Rd8 13.Bxg6
hxg6 14.Ng5 b6 15.h5 gxh5 16.Qxh5 Bxg5 17.Bxg5 Rd5 18.f4 Ba6
19.Ne3 Rd2 20.Ng4 Ne7 21.Nf6+ gxf6 22.Bxf6 Kf8 23.Qh8+ Ng8 24.Rad1 1-0

[Event "Washington Open Championship"]
[Site "Seattle, WA"]
[Date "2014.05.25"]
[Round "1"]
[White "Nagase Toshihiro  (WA)"]
[Black "Orlov Georgi (WA)"]
[Result "0-1"]
[WhiteElo "1994"]
[BlackElo "2533"]
[Annotator ""]
[Source ""]
[Remark "Open"]

1.d4 d5 2.c4 e6 3.Nc3 Nf6 4.Bg5 Nbd7 5.Nf3 c6 6.e3 Qa5 7.Nd2
Bb4 8.Qc2 O-O 9.Bxf6 Nxf6 10.Bd3 Re8 11.Nf3 c5 12.O-O dxc4 13.Bxc4
cxd4 14.Nxd4 Bd7 15.Ne4 Be7 16.Rfd1 Rac8 17.Nxf6+ Bxf6 18.Qe2
Qb4 19.a3 {?} ( 19.b3 ) Qxc4 0-1

[Event "Washington Open Championship"]
[Site "Seattle, WA"]
[Date "2014.05.25"]
[Round "1"]
[White "Varner Murlin  (WA)"]
[Black "Buchignani Paul  (WA)"]
[Result "1-0"]
[WhiteElo "1630"]
[BlackElo "1455"]
[Annotator ""]
[Source ""]
[Remark "Reserve"]

1.c4 c5 2.Nc3 Nc6 3.g3 g6 4.Bg2 Bg7 5.Nf3 Nf6 6.O-O O-O 7.d3
d6 8.Rb1 Bd7 9.a3 Rb8 10.b4 b6 11.b5 Na5 12.Bd2 Qc8
( 12...Nb7 13.Ne1 Qc8 14.Qa4 a5 15.Qc2 Bh3 16.Na4 Bxg2 17.Nxg2
Qc7 18.Bc3 Rbd8 19.Ne3 e6 20.Qb2 Ne8 21.Ng4 f5 22.Bxg7 Nxg7 23.Nh6+
Kh8 24.e4 fxe4 25.dxe4 d5 26.exd5 exd5 27.cxd5 Rxd5 28.Rbd1 Rh5
29.Nxb6 Qxb6 30.Rd7 Qf6 31.Qxf6 Rxf6 32.Rxb7 Rxh6 33.Rb8+ Ne8
34.Re1 Kg7 35.Re7+ Rf7 36.Rbxe8 Rxe7 37.Rxe7+ Kf6 38.b6 Kxe7
39.b7 Kd6 40.b8Q+ {1-0, Maxwell Alistair (SCO) 2112 - Campbell Duncan, Edinburgh (Scotland) 1996}
) 13.e4 e5 14.Bg5 Nb7 15.Bxf6 Bxf6 16.Nd5 Bg7 {??} 17.Ne7+ Kh8
18.Nxc8 Rbxc8 19.Ng5 h6 20.Bh3 Rc7 21.Bxd7 Rxd7 22.Qg4 Rc7 23.Qh3
Kg8 24.Nf3 Nd8 25.Nh4 Re7 26.f4 Ne6 27.f5 Ng5 28.Qg4 Rc7 29.fxg6
fxg6 30.Rxf8+ Kxf8 31.Nxg6+ Kg8 32.h4 Nf7 33.Qe6 Kh7 34.Ne7 Nd8
35.Qg6+ ( 35.Qg8# ) Kh8 36.Qe8+ 1-0

[Event "Washington Open Championship"]
[Site "Seattle, WA"]
[Date "2014.05.25"]
[Round "1"]
[White "Perez Ignacio  (WA)"]
[Black "Singh Ranjeet  (WA)"]
[Result "1-0"]
[WhiteElo "2254"]
[BlackElo "1840"]
[Annotator ""]
[Source ""]
[Remark "Open"]

1.e4 e6 2.d4 d5 3.Nc3 Bb4 4.e5 c5 5.a3 Bxc3+ 6.bxc3 Ne7 7.Nf3
b6 8.Ng5 Ba6 9.Qf3 O-O 10.Bxa6 Nxa6 11.Qd3 Nf5 12.Qxa6 cxd4 13.cxd4
Rc8 14.Qd3 Rc4 15.c3 f6 16.Nxe6 1-0

[Event "Washington Open Championship"]
[Site "Seattle, WA"]
[Date "2014.05.25"]
[Round "1"]
[White "Smith Claire  (WA)"]
[Black "Peng Patrick  (WA)"]
[Result "0-1"]
[WhiteElo "451"]
[BlackElo "922"]
[Annotator ""]
[Source ""]
[Remark "Booster"]

1.d4 d5 2.Bf4 Nf6 3.Nf3 Bf5 4.e3 e6 5.c4 Bd6 6.Qb3 b6 7.cxd5
exd5 8.Nc3 Bxf4 9.exf4 O-O 10.Be2 Nc6 11.O-O Qd6 12.Ne5 Nxd4
13.Nb5 Nxe2+ 14.Kh1 Qe7 15.Rac1 Nxc1 16.Rxc1 Rfc8 17.Nc6 Qe4
18.Qf3 Qxf3 19.gxf3 a6 20.Ne7+ Kf8 21.Nxc8 axb5 22.Rxc7 Rxc8
23.Rxc8+ Bxc8 24.h4 d4 25.Kg1 Bb7 26.Kf1 Bxf3 27.Ke1 Ne4 28.b4
d3 29.Kf1 d2 30.Kg1 d1Q+ 31.Kh2 Qh1# 0-1

[Event "Washington Open Championship"]
[Site "Seattle, WA"]
[Date "2014.05.25"]
[Round "2"]
[White "Yu Justin  (WA)"]
[Black "Puri Ankush  (WA)"]
[Result "1-0"]
[WhiteElo "1848"]
[BlackElo "1810"]
[Annotator ""]
[Source ""]
[Remark "Premier"]

1.e4 g6 2.d4 Bg7 3.c3 d6 4.Bd3 Nd7 5.f4 e5 6.Nf3 Ne7 7.O-O b6
8.f5 Bb7 9.Ng5 Nf6 10.Qb3 Rf8 11.dxe5 dxe5 12.Bc4 Nc6 13.Bxf7+ 1-0

[Event "Washington Open Championship"]
[Site "Seattle, WA"]
[Date "2014.05.25"]
[Round "1"]
[White "Anthony Ralph  (WA)"]
[Black "Yu Justin  (WA)"]
[Result "0-1"]
[WhiteElo "1671"]
[BlackElo "1848"]
[Annotator ""]
[Source ""]
[Remark "Premier"]

1.e4 e5 2.Nf3 Nc6 3.Bb5 a6 4.Ba4 Nf6 5.O-O Be7 6.Re1 b5 7.Bb3
O-O 8.c3 d5 9.exd5 Nxd5 10.Nxe5 Nxe5 11.Rxe5 c6 12.Bxd5 cxd5
13.d4 Bd6 14.Re1 Qh4 15.g3 Qh3 16.Qf3 Bg4 17.Qg2 Qh5 18.Be3 Bh3
19.Qh1 f5 20.Qxd5+ ( 20.Qxd5+ Kh8 21.Nd2 Rad8 22.Qf3 Bg4 23.Qh1
f4 24.Bxf4 Bxf4 25.gxf4 Rxf4 26.Re3 Rdf8 27.f3 Bxf3 28.Nxf3 Rxf3
29.Rxf3 Rxf3 30.Qg2 h6 31.Kh1 Qf5 32.Rg1 Qf8 33.d5 Rf2 34.Qg3
Rd2 35.Qe3 Rxd5 36.Re1 Rd8 37.Qe2 Qf7 38.a3 Qd5+ 39.Qe4 Qd2 40.Qe2
Qg5 41.Rd1 {1/2-1/2, Sparkes Daniel A 2030 - Bayliss Lyall CP 1925, England 2006.05.27}
) Kh8 21.Nd2 Rad8 22.Qf3 Bg4 23.Qg2 f4 24.Bxf4 Rxf4 25.gxf4 Bxf4
26.Re4 g5 27.Rxf4 gxf4 28.Qe4 Bh3 29.Qe5+ Qxe5 30.dxe5 Rxd2 31.Re1
f3 32.b3 Rxa2 33.c4 bxc4 34.bxc4 Rc2 35.c5 Rxc5 36.e6 Bxe6 37.h4
Bd5 38.Re7 Bc4 39.Kh2 Be2 40.Ra7 Rc1 41.Re7 a5 42.Ra7 Rc5 43.Kg3
h5 44.Kh2 Kg8 45.Kg3 Kf8 46.Kh2 Ke8 47.Kg3 Kd8 48.Kf4 Kc8 49.Rg7
a4 50.Rg5 Rxg5 51.hxg5 a3 52.g6 a2 53.g7 Bc4 54.Kxf3 a1Q 0-1

[Event "Washington Open Championship"]
[Site "Seattle, WA"]
[Date "2014.05.25"]
[Round "2"]
[White "Sankrithi Siva  (WA)"]
[Black "Tafalla Gabriel  (WA)"]
[Result "1/2-1/2"]
[WhiteElo "1461"]
[BlackElo "1836"]
[Annotator ""]
[Source ""]
[Remark "Open"]

1.e4 c5 2.d4 cxd4 3.c3 dxc3 4.Nxc3 Nc6 5.Nf3 d6 6.Bc4 e6 7.O-O
Nf6 8.Qe2 a6 9.Rd1 Qc7 10.Bf4 Nh5 11.Be3 b5 12.Nxb5 axb5 13.Bxb5
Nf6 14.Rac1 Bd7 15.Bxc6 Bxc6 16.Nd4 Qb7 17.Nxc6 1/2-1/2

[Event "Washington Open Championship"]
[Site "Seattle, WA"]
[Date "2014.05.25"]
[Round "2"]
[White "Hasuike Mike  (OR)"]
[Black "Varner Murlin  (WA)"]
[Result "1-0"]
[WhiteElo "1559"]
[BlackElo "1630"]
[Annotator ""]
[Source ""]
[Remark "Reserve"]

1.d4 Nf6 2.c3 g6 3.Nf3 Bg7 4.Bg5 d6 5.Nbd2 O-O 6.e3 Nbd7 7.Bd3
b6 8.O-O Bb7 9.Qe2 c5 10.h3 Rc8 11.Rfe1 ( 11.e4 cxd4 12.cxd4
e5 13.Ba6 Qc7 14.Bxb7 Qxb7 15.Rac1 h6 16.Bxf6 Bxf6 17.Nc4 Qa6
18.d5 Be7 19.a3 Rc7 20.Rc2 Rfc8 21.Rfc1 Nf6 22.Nfd2 Nh5 23.Qf3
Bg5 24.Ne3 Rxc2 25.Rxc2 Bxe3 26.Rxc8+ Qxc8 27.Qxe3 Qc1+ 28.Kh2
Kg7 29.b4 Nf6 30.g3 h5 31.Kg2 h4 32.g4 Qc2 33.Kf3 b5 34.Nf1 Qd1+
35.Kg2 Qb1 36.Nd2 Qc2 37.Kf3 a6 38.Kg2 Qd1 39.Nf3 Qc2 40.Nd2
Qd1 41.Nf3 Qc2 42.Ng5 Nh7 43.Nxh7 Kxh7 44.Qf3 Kg7 45.Qe3 Qd1
46.Qg5 Qd3 47.Qe3 Qxe3 48.fxe3 Kf6 49.Kf3 Kg5 50.Kf2 f5 51.exf5
gxf5 52.gxf5 Kxf5 53.Kf3 e4+ 54.Ke2 Ke5 55.Kd2 Kxd5 56.Kc3 Ke5
57.Kd2 d5 58.Kc3 d4+ 59.exd4+ Kd5 60.Kd2 Kxd4 61.Ke2 e3 62.Kf3
Kd3 63.Kg4 e2 64.Kxh4 e1Q+ 65.Kg5 Ke4 66.h4 Qg3+ 67.Kf6 Qxh4+
68.Ke6 Qg3 69.Kd7 Qxa3 70.Kc6 Qxb4 71.Kb6 a5 72.Ka6 a4 73.Kb6
a3 74.Kc6 a2 75.Kd7 a1Q 76.Ke6 Qe5+ 77.Kf7 Qbe7+ 78.Kg6 Q5g7+
79.Kh5 Qeg5# {0-1, Ekdyshman Mikhail (RUS) 2395 - Kryakvin Dmitry (RUS) 2472, Internet 2006.05.06}
) h6 12.Bf4 g5 13.Bh2 a6 {?} 14.Bxa6 Bxa6 15.Qxa6 Ra8 16.Qd3
Ne8 17.a4 Nc7 18.Ne4 d5 19.Ng3 c4 20.Qc2 e6 21.Nh5 Ne8 22.Nxg7
Nxg7 23.e4 Nf6 24.Nd2 Qd7 25.Be5 Nfe8 26.Bxg7 Nxg7 27.Nf3 f6
28.exd5 exd5 29.Qg6 Rxa4 {??} 30.Rxa4 Qxa4 31.Re7 1-0

[Event "Washington Open Championship"]
[Site "Seattle, WA"]
[Date "2014.05.25"]
[Round "2"]
[White "Singh Ranjeet  (WA)"]
[Black "Nagase Toshihiro  (WA)"]
[Result "1-0"]
[WhiteElo "1840"]
[BlackElo "1994"]
[Annotator ""]
[Source ""]
[Remark "Open"]

1.d4 f5 2.Nf3 Nf6 3.Bg5 e6 4.Nbd2 Be7 5.Bxf6 Bxf6 6.e4 fxe4 7.Nxe4
O-O 8.Bd3 b6 9.Qe2 Bb7 10.h4 c5 11.Nfg5 g6 12.Nd6 Bc6 13.Nxh7
Bxd4 14.Nxf8 Qxf8 15.c3 Bh8 16.Ne4 d5 17.Ng5 e5 18.Bxg6 Be8 19.Bh7+ 1-0

[Event "Washington Open Championship"]
[Site "Seattle, WA"]
[Date "2014.05.25"]
[Round "3"]
[White "Varner Murlin  (WA)"]
[Black "Padhi Pratik  (WA)"]
[Result "1-0"]
[WhiteElo "1639"]
[BlackElo "1525"]
[Annotator ""]
[Source ""]
[Remark "Reserve"]

1.e4 Nf6 2.e5 Nd5 3.c4 Nb6 4.d4 d6 5.Nf3 Bg4 6.Be2 Nc6 7.b3 Qd7
8.O-O O-O-O 9.Bb2 h6 10.exd6 cxd6 11.d5 Bxf3 12.dxc6 {?!}
( 12.Bxf3 ) Bxc6 13.Nd2 Kb8 14.Qc2 f5 15.Rad1 Rg8 16.Nf3 Bxf3
17.Bxf3 Rc8 18.Bd5 Nxd5 19.Rxd5 e6 20.Rd2 Qc6 21.Re2 Qd7 22.Rfe1
e5 23.Rd1 e4 24.Red2 Qc6 25.Rd5 g6 26.Ba3 Kc7 27.c5 Kb8 28.b4
{?} Qa6 ( 28...Be7 ) 29.Qb3 dxc5 30.bxc5 Be7 31.Rd7 Bf6 32.Rb1
Rg7 33.Qg3+ ( 33.Qxb7+ Qxb7 34.Rbxb7+ Ka8 35.Rxa7+ Kb8 36.Rxg7
Bxg7 37.Rxg7 ) Ka8 34.Rd6 Rc6 35.Qb3 Rxd6 36.cxd6 Kb8 37.Qe6
Qxa3 38.Qe8+ 1-0

[Event "Washington Open Championship"]
[Site "Seattle, WA"]
[Date "2014.05.25"]
[Round "2"]
[White "Roberge David  (WA)"]
[Black "Bablani Akshay  (WA)"]
[Result "1-0"]
[WhiteElo "577"]
[BlackElo "533"]
[Annotator ""]
[Source ""]
[Remark "Booster"]

1.c4 e6 2.Nc3 d5 3.cxd5 exd5 4.d4 c5 5.Nf3 Nc6 6.e3 Qb6 7.Nxd5
Qd8 8.Bc4 Be6 9.e4 Nce7 10.Nxe7 Bxc4 11.Nxg8 Rxg8 12.b3 Bb5 13.a4
Bc6 14.d5 Bd7 15.O-O Bg4 16.Bb2 Qe7 17.Rc1 Qxe4 18.Rc4 Qf5 19.Re1+
Be7 20.Ree4 Bxf3 21.Qxf3 Qxf3 22.gxf3 Kf8 23.a5 a6 24.Ba3 b5
25.axb6 Rc8 26.b4 f5 27.Re6 Rd8 28.b7 Kf7 29.bxc5 Rxd5 30.Rxa6
Rd7 31.c6 Rc7 32.Bxe7 Kxe7 33.Ra8 Rxa8 34.bxa8Q h5 35.Qh8 g6
36.Qg7+ Kd6 37.Qxg6+ Ke7 38.Qxf5 h4 39.Qe5+ Kf8 40.Qxc7 h3 41.Rd4 1-0

[Event "Washington Open Championship"]
[Site "Seattle, WA"]
[Date "2014.05.25"]
[Round "1"]
[White "Nicoski Rick  (WA)"]
[Black "Chen Minda  (WA)"]
[Result "1-0"]
[WhiteElo "1353"]
[BlackElo "689"]
[Annotator ""]
[Source ""]
[Remark "Booster"]

1.d4 d5 2.Bf4 Nc6 3.e3 Bf5 4.a3 Nf6 5.c4 e6 6.c5 a6 7.h3 Qd7
8.Nf3 Be7 9.Bd3 Ne4 10.O-O O-O 11.Nbd2 Rad8 12.Qc2 Nxd2 13.Qxd2
Bxd3 14.Qxd3 Bf6 15.Ng5 h6 16.Qh7# 1-0

[Event "Washington Open Championship"]
[Site "Seattle, WA"]
[Date "2014.05.25"]
[Round "3"]
[White "Yuen Andrew  (WA)"]
[Black "Greenwell Wayne  (MA)"]
[Result "0-1"]
[WhiteElo "774"]
[BlackElo "1529"]
[Annotator ""]
[Source ""]
[Remark "Reserve"]

1.e4 e5 2.Nf3 Nc6 3.c3 Nf6 4.d4 exd4 5.e5 Nd5 6.cxd4 Be7 7.Bc4
Nb6 8.Bb3 O-O 9.Nc3 d5 10.O-O Bf5 11.Re1 a6 12.Be3 Na5 13.Bc2
Bxc2 14.Qxc2 Nac4 15.Bf4 c6 16.b3 Na5 17.Ne2 Rc8 18.Bd2 Nd7 19.Qb2
c5 20.Nf4 cxd4 21.Qxd4 Nc6 22.Qd3 Nb6 23.e6 Bf6 24.Rad1 Qd6 25.exf7+
Rxf7 26.Bc1 Ne5 27.Nxe5 Bxe5 28.Nxd5 Nxd5 29.Qxd5 Bxh2+ 30.Kf1
Qf6 31.f3 Bg3 32.Re2 Qh4 33.Bf4 Qh1# 0-1

[Event "Washington Open Championship"]
[Site "Seattle, WA"]
[Date "2014.05.25"]
[Round "4"]
[White "Bashkansky Naomi (WA)"]
[Black "Kiiru Joseph  (WA)"]
[Result "0-1"]
[WhiteElo "1714"]
[BlackElo "1860"]
[Annotator ""]
[Source ""]
[Remark "Premier"]

1.d4 d5 2.e3 c5 3.b3 Nc6 4.Bb2 Nf6 5.Bd3 cxd4 6.exd4 Bg4 7.Nf3
e6 8.O-O Bd6 9.h3 Bh5 10.Nbd2 O-O 11.a3 Rc8 12.Qe2 Bg6 13.Qe3
Bxd3 14.Qxd3 Nh5 15.Ne5 Nf4 16.Qe3 Qg5 17.Ndf3 Qxg2# 0-1

[Event "Washington Open Championship"]
[Site "Seattle, WA"]
[Date "2014.05.26"]
[Round "5"]
[White "Varner Murlin  (WA)"]
[Black "Somji Shifa  (WA)"]
[Result "0-1"]
[WhiteElo "1630"]
[BlackElo "1040"]
[Annotator ""]
[Source ""]
[Remark "Reserve"]

1.c4 e6 2.Nc3 Nf6 3.g3 ( 3.e4 ) d5 4.Bg2 c5 5.e3 Nc6 6.cxd5 exd5
7.Nf3 Bd6 8.O-O O-O 9.d4 c4 10.b3 Bb4 11.Bb2 Bxc3 12.Bxc3 b5
13.a4 {?!} b4 14.Be1 {?} ( 14.Ne5 bxc3 15.Nxc6 Qc7 16.Ne5 ) cxb3
15.Qxb3 {?} ( 15.Ne5 ) Ba6 16.Ne5 Nxe5 17.dxe5 Ne4 18.Rd1
( 18.Bxe4 dxe4 19.Bxb4 ) Nc5 19.Qxb4 Qe7 20.Rxd5 Bxf1 21.Kxf1
Rac8 22.Qa3 Rfd8 23.Bb4 Rxd5 24.Bxd5 Qd7 25.Bxc5 Qxd5 26.Bd4
Qh1+ 27.Ke2 Rc2+ 28.Kd3 Qd1+ 29.Ke4 Qg4+ 30.f4 f5+ 31.exf6 Qe6+
32.Kd3 Qc4+ 33.Ke4 gxf6 34.Qe7 {?} ( 34.Qd6 {%02$14/$16} Qc6+
35.Qxc6 Rxc6 36.Bxa7 Ra6 37.Bd4 ) Qc6+ 35.Kd3 Qc4+ 36.Ke4 Qc6+
{%02draw offered here, which I foolishly declined.} 37.Kf5 Qd5+
38.Kg4 h5+ 0-1

[Event "Washington Open Championship"]
[Site "Seattle, WA"]
[Date "2014.05.25"]
[Round "4"]
[White "Orlov Georgi (WA)"]
[Black "Chan James  (CAN)"]
[Result "1-0"]
[WhiteElo "2533"]
[BlackElo "2092"]
[Annotator ""]
[Source ""]
[Remark "Open"]

1.d4 d5 2.Nf3 Nf6 3.c4 c6 4.Nc3 a6 5.Ne5 b5 6.cxd5 cxd5 7.Bf4
e6 8.e3 Be7 9.Bd3 Bb7 10.Rc1 Nbd7 11.Nxd7 Nxd7 12.a4 b4 13.Na2
Rc8 14.Rxc8 Qxc8 15.O-O O-O 16.a5 Nb8 17.Nc1 Nc6 18.Nb3 Qd8 19.Qc2
g6 20.Rc1 Qa8 21.Nc5 Rc8 22.Qa4 e5 23.Nxb7 exf4 24.Nc5 fxe3 25.fxe3
Bg5 26.Re1 Re8 27.Kf2 Qc8 28.Bxa6 Qf5+ 29.Kg1 Rxe3 30.Rf1 1-0

[Event "Washington Open Championship"]
[Site "Seattle, WA"]
[Date "2014.05.25"]
[Round "4"]
[White "Perez Ignacio  (WA)"]
[Black "Bishop Alan  (WA)"]
[Result "1-0"]
[WhiteElo "2254"]
[BlackElo "2028"]
[Annotator ""]
[Source ""]
[Remark "Open"]

1.e4 c5 2.Nf3 d6 3.d4 Nf6 4.Nc3 cxd4 5.Nxd4 a6 6.f4 e5 7.Nf3
Qc7 8.Bd3 b5 9.O-O Be7 10.Qe1 O-O 11.a4 b4 12.Nd5 Nxd5 13.exd5
Bb7 14.fxe5 Bxd5 15.Bf4 dxe5 16.Bxe5 Qb6+ 17.Kh1 Nc6 18.Bf4 Rfe8
19.Qg3 Bf6 20.Rad1 Bxf3 21.Qxf3 Bxb2 22.Be4 Re6 23.Rd6 Rc8 24.Rxe6
fxe6 25.Qh3 1-0

[Event "Washington Open Championship"]
[Site "Seattle, WA"]
[Date "2014.05.25"]
[Round "4"]
[White "Cross Jason  (WA)"]
[Black "Samji Shifa  (WA)"]
[Result "0-1"]
[WhiteElo "1589"]
[BlackElo "1040"]
[Annotator ""]
[Source ""]
[Remark "Reserve"]

1.e4 c5 2.Nc3 Nc6 3.f4 d6 4.Bc4 Nf6 5.Nf3 e6 6.O-O d5 7.exd5
exd5 8.Qe1+ Be7 9.Bb5 Bd7 10.d3 a6 11.Bxc6 Bxc6 12.Ne5 Rc8 13.a4
O-O 14.a5 Re8 15.Na4 Bxa4 16.Rxa4 Bd6 17.Qf2 Bxe5 18.fxe5 Rxe5
19.Qg3 Re6 20.Bg5 c4 21.dxc4 dxc4 22.Rb4 Qd6 23.Rb6 Qc5+ 24.Kh1
Ne4 25.Qf4 Nxg5 26.Rxe6 fxe6 27.h4 Rf8 28.Qxf8+ Qxf8 29.Rxf8+
Kxf8 30.hxg5 Kf7 31.g4 Kg6 32.Kg2 Kxg5 33.Kf3 e5 34.c3 g6 35.Ke4
Kxg4 36.Kxe5 h5 0-1

[Event "Washington Open Championship"]
[Site "Seattle, WA"]
[Date "2014.05.25"]
[Round "4"]
[White "Cohen Jed  (WA)"]
[Black "Peng Brandon  (WA)"]
[Result "1-0"]
[WhiteElo "1090"]
[BlackElo "1145"]
[Annotator ""]
[Source ""]
[Remark "Booster"]

1.d4 d5 2.c4 c6 3.Nc3 Nf6 4.Nf3 Bf5 5.e3 e6 6.Bd3 Ne4 7.Qc2 Na6
8.Nxe4 Nb4 9.Qb1 Nxd3+ 10.Qxd3 dxe4 11.Qb3 exf3 12.Qxb7 Be4 13.gxf3
Bxf3 14.Rg1 e5 15.Rg3 Rb8 16.Qxa7 Bb4+ 17.Kf1 e4 18.Rxg7 Be7
19.b3 Qb6 20.Qa4 Bh5 21.Rg1 Bg6 22.Bb2 Bf6 23.Rc1 O-O 24.Ba3
Rfe8 25.Bc5 Qb7 26.Qa5 Ra8 27.Qd2 Be7 28.Bxe7 Qxe7 29.Ra1 Qf6
30.Rg4 Red8 31.c5 Qf3 32.Rg1 Qh3+ 33.Rg2 Kf8 34.Kg1 Kg8 35.Rg3
Qf5 36.Qe2 Kh8 37.Rf1 Rg8 38.Qc2 Bh5 39.a4 Bf3 40.Qb2 Qh3 41.d5+
f6 42.Qxf6+ Rg7 43.Qxg7# 1-0

[Event "Washington Open Championship"]
[Site "Seattle, WA"]
[Date "2014.05.25"]
[Round "4"]
[White "Thakur Asher  (WA)"]
[Black "Archer Shawn  (WA)"]
[Result "1/2-1/2"]
[WhiteElo "1214"]
[BlackElo "1266"]
[Annotator ""]
[Source ""]
[Remark "Booster"]

1.e4 e5 2.Nf3 Nf6 3.Nxe5 Qe7 4.d4 d6 5.Nf3 Nxe4 6.Qe2 g6 7.Nc3
Nxc3 8.Qxe7+ Bxe7 9.bxc3 O-O 10.Bc4 Be6 11.d5 Bf5 12.Nd4 Bf6
13.Nb5 Na6 14.Bb3 1/2-1/2

[Event "Washington Open Championship"]
[Site "Seattle, WA"]
[Date "2014.05.26"]
[Round "5"]
[White "Bablani Akshay  (WA)"]
[Black "Peng Patrick  (WA)"]
[Result "0-1"]
[WhiteElo "533"]
[BlackElo "922"]
[Annotator ""]
[Source ""]
[Remark "Booster"]

1.e4 e5 2.Nf3 Nf6 3.d4 exd4 4.Qxd4 Nc6 5.Qc3 Bb4 6.Bg5 Bxc3+
7.bxc3 h6 8.Bh4 Qe7 9.Nbd2 d6 10.Bd3 Bg4 11.Be2 g5 12.Bg3 Nxe4
13.h3 Bxf3 14.Bxf3 Nxg3+ 15.Kd1 Nxh1 16.g4 Nxf2+ 0-1